000 00688nam a2200277Ia 4500
005 20260324135818.0
008 008 260324s9999 xx 000 0 eng d
020 _a9781315809526
037 _aEBOOK
040 _aCRL
040 _beng
040 _cCRL
041 _2eng
041 _aeng
084 _qCRL
100 _aLacey Sloan; Nora Gustavsson
_91202008
245 0 _aViolence and Social Injustice Against Lesbian, Gay, and Bisexual People
260 _bTaylor and Francis
260 _c1999
365 _a
365 _b205
856 _uhttp://www.taylorfrancis.com/books/9781315809526
942 _cEBOOK
999 _c1803466
_d1803466